| 000 | 004920000a22001810004500 | ||
|---|---|---|---|
| 003 | MACL | ||
| 005 | 20160102144351.0 | ||
| 008 | 160102b xxu||||| |||| 00| 0 eng d | ||
| 040 |
_aMACL _cMACL |
||
| 041 | _aEnglish | ||
| 082 | _a616.891/SIN | ||
| 100 |
_aSingh, H G _927198 |
||
| 245 |
_aPsychotherapy in India _bfrom vedic to modern times |
||
| 260 |
_bNational Psychological Corporation _c1977 _aAgra |
||
| 350 | _a40 | ||
| 650 |
_aMedical Science _927199 |
||
| 942 |
_cBK _k616.891/SIN _2ddc |
||
| 999 |
_c33987 _d33987 |
||